MARC

LEADER 00000nam0a2200000 4500
001 24505
005 20231030200235.0
010 |a 5238001088 
035 |a (RuTPU)RU\TPU\book\24734 
035 |a BOOK00024807 
090 |a 24505 
100 |a 20011209d2000 m y0rusy50 ca 
101 0 |a rus 
102 |a RU 
105 |a y j 000zy 
200 1 |a Логистика  |e учебник для вузов  |f Ю. М. Неруш 
205 |a 2-е изд., перераб. и доп. 
210 |a Москва  |c ЮНИТИ-ДАНА  |d 2000 
215 |a 389 с. 
451 1 |0 (RuTPU)RU\TPU\book\75181  |y 5-238-00348-5  |t Логистика  |o учебник для вузов  |f Ю. М. Неруш  |g Московский государственный институт международных отношений (университет) МИД РФ  |e 4-е изд., перераб. и доп.  |c М.  |n Проспект  |d 2006  |p 520 с.  |a Неруш, Юрий Максимович 
451 |y 5-482-00815-0 
610 1 |a экономика 
610 1 |a логистика 
610 1 |a запасы 
610 1 |a транспорт 
610 1 |a грузопотоки 
610 1 |a перевозки 
610 1 |a коммерция 
610 1 |a сбыт 
610 1 |a логистические системы 
610 1 |a учебники 
686 |a У9(2)40 я73  |v LBC/SL-A  |2 rubbk 
700 1 |a Неруш  |b Ю. М.  |g Юрий Максимович 
801 0 |a RU  |b 63413507  |c 20011209  |g PSBO 
801 2 |a RU  |b 63413507  |c 20220425  |g PSBO 
900 |a Логистика 
942 |c BK